000 01183nam0a2200313 i 4500
001 RU\NLR\bibl\1970235
005 20241104135657.0
010 _a9785995504658
_97000
021 _aRU
_b2012-79172
_9532д/12
035 _a(NLR Aleph) 001959091
090 _a3800415
_c3800415
100 _a20121122d2012 u y0rusy50 ca
101 1 _arus
_ceng
102 _aRU
105 _aa |||||||||
200 1 _aЖизнь, рассказанная ею самой
_fВивьен Ли
_g[пер. с англ.: Павлищева Н.]
210 _aМосква
_cЯуза-Пресс
_d2012
215 _a252, [2] с., [8] л. ил., портр.
_cил., портр.
_d22
225 1 _aУникальная автобиография женщины-эпохи
600 1 _aЛи
_bВ.
_f1913 - 1967
_gВивьен
_xАвтобиография
_92126977
_3RU\NLR\auth\661587515
686 _aЩ374.3(4Вл)6-86Ли
686 _aЩ334.3(4Вл)6-86
700 1 _4070
_aЛи
_bВ.
_cактриса
_f1913-1967
_gВивьен
_9174877
_3RU\NLR\AUTH\770174928
801 0 _aRU
_bNLR
_c20121122
_gRCR
801 1 _aRU
_bNLR
_c20121122
942 _cBOOK
980 _aNBR